<?xml version="1.0" encoding="UTF-8"?><?xml-stylesheet type="text/xsl" href="static/style.xsl"?><OAI-PMH xmlns="http://www.openarchives.org/OAI/2.0/" xmlns:xsi="http://www.w3.org/2001/XMLSchema-instance" xsi:schemaLocation="http://www.openarchives.org/OAI/2.0/ http://www.openarchives.org/OAI/2.0/OAI-PMH.xsd"><responseDate>2026-04-28T00:37:25Z</responseDate><request verb="GetRecord" identifier="oai:uvadoc.uva.es:10324/3155" metadataPrefix="marc">https://uvadoc.uva.es/oai/request</request><GetRecord><record><header><identifier>oai:uvadoc.uva.es:10324/3155</identifier><datestamp>2025-02-19T07:55:45Z</datestamp><setSpec>com_10324_38</setSpec><setSpec>col_10324_852</setSpec></header><metadata><record xmlns="http://www.loc.gov/MARC21/slim" xmlns:doc="http://www.lyncode.com/xoai" xmlns:xsi="http://www.w3.org/2001/XMLSchema-instance" xmlns:dcterms="http://purl.org/dc/terms/" xsi:schemaLocation="http://www.loc.gov/MARC21/slim http://www.loc.gov/standards/marcxml/schema/MARC21slim.xsd">
<leader>00925njm 22002777a 4500</leader>
<datafield tag="042" ind1=" " ind2=" ">
<subfield code="a">dc</subfield>
</datafield>
<datafield tag="720" ind1=" " ind2=" ">
<subfield code="a">Olleta Alcalá, Lucía</subfield>
<subfield code="e">author</subfield>
</datafield>
<datafield tag="260" ind1=" " ind2=" ">
<subfield code="c">2013</subfield>
</datafield>
<datafield tag="520" ind1=" " ind2=" ">
<subfield code="a">La educación en las escuelas rurales es fundamental para garantizar la vida en los pueblos, así como la enseñanza de inglés lo es para el futuro del alumnado.&#xd;
El objetivo principal de éste trabajo es analizar la situación actual del inglés en las aulas de Educación Infantil y Primaria en diferentes escuelas rurales.</subfield>
</datafield>
<datafield tag="024" ind2=" " ind1="8">
<subfield code="a">http://uvadoc.uva.es/handle/10324/3155</subfield>
</datafield>
<datafield ind1=" " ind2=" " tag="653">
<subfield code="a">Escuela Rural</subfield>
</datafield>
<datafield ind1=" " ind2=" " tag="653">
<subfield code="a">Lengua extranjera- Inglés</subfield>
</datafield>
<datafield ind1=" " ind2=" " tag="653">
<subfield code="a">Enseñanza</subfield>
</datafield>
<datafield ind1=" " ind2=" " tag="653">
<subfield code="a">Aprendizaje</subfield>
</datafield>
<datafield tag="245" ind1="0" ind2="0">
<subfield code="a">La enseñanza de inglés en los centros rurales</subfield>
</datafield>
</record></metadata></record></GetRecord></OAI-PMH>